[Event "Cherniak Memorial"]
[Site "Ramat Aviv"]
[Date "2000.04.25"]
[Round "5"]
[White "Tsesarsky, Ilya"]
[Black "Zilberman, Yaacov"]
[Result "1/2-1/2"]
[WhiteElo "2458"]
[BlackElo "2505"]
[Annotator "Tsesarsky,I"]
[PlyCount "41"]
[EventDate "2000.04.??"]
[EventType "tourn"]
[EventRounds "5"]
[EventCountry "ISR"]
[SourceTitle "CBM 076"]
[Source "ChessBase"]
[SourceDate "2000.05.31"]
[SourceVersion "1"]
[SourceVersionDate "2000.05.31"]
[SourceQuality "1"]

{[%mdl 8]} 1. Nf3 d5 2. d4 Nf6 3. c4 dxc4 4. e3 e6 5. Bxc4 c5 6. O-O a6 7. Bb3
cxd4 8. exd4 Nc6 9. Nc3 Be7 10. Re1 O-O 11. a3 b5 (11... Qd6 12. g3 (12. Qd3
Rd8 13. Be3 b5 14. Rad1 Bb7 15. Bc2 $132) 12... Nd5 13. Nxd5 exd5 14. Bf4 $14 (
14. Ne5 $6 Be6 15. Bf4 Nxe5 16. dxe5 Qb6 $11 {1/2-1/2 Hansen,C-Degerman,L/
Sigeman Malmoe SWE 1998 (17)})) (11... Qa5 12. Bd2 Qh5 13. Bg5 $1 h6 $8 14.
Bxf6 Bxf6 15. Ne4 Be7 16. Rc1 $14 {1/2-1/2 Sokolov,I-Korchnoi,V/Antwerpen 1997/
Inf 70 (45)} (16. d5 $5 exd5 17. Ng3 Qg6 18. Bxd5 $14)) (11... Na5 12. Bc2 (12.
Ba2 b5 13. d5 exd5 14. Nxd5 Nxd5 15. Qxd5 Bb7 16. Qxd8 Bxd8 17. Ne5 Bc7 $11 {
1/2-1/2 Arencibia,W-Nogueiras,J/Carlos Torre mem, Merida MEX 1997 (26)}) 12...
b5 13. Qd3 (13. d5 Re8 (13... Nc4 14. Qd3 Re8 (14... exd5 $2 15. Rxe7 Qxe7 16.
Nxd5 $18) 15. a4 (15. Ng5 $5 exd5 $1 (15... h6 16. Nge4 Nxd5 $140 (16... Ng4
17. Ng3 Nf6 18. Nh5 $36) 17. Nxd5 exd5 18. Nf6+ $18) 16. Nxh7 g6 17. Nxf6+ (17.
Ng5 Bf5 $17) 17... Bxf6 18. Rxe8+ Qxe8 19. Nxd5 Qe1+ 20. Qf1 Qxf1+ 21. Kxf1
Bxb2 22. Bxb2 Nxb2 $11) 15... exd5 16. axb5 a5 (16... g6 17. Qd4 $1 Qb6 18. Bg5
$16) 17. b3 Nd6 (17... Nb6 18. Bg5 g6 19. Qd4 Be6 20. Ne5 $16) 18. Nd4 $14 {
1-0 Kasparov,G-Ivanchuk,V/Linares 1999/CBM 70/ (36)} (18. Re5 g6 19. Nxd5 Nxd5
20. Qxd5 (20. Rxd5 Bb7 21. Rd4 Bxf3 22. gxf3 Qb6 $44) 20... Bb7 21. Qd2 Bxf3
22. gxf3 Bf6 23. Rxe8+ Qxe8 24. Rxa5 Rxa5 25. Qxa5 Nxb5 $44) (18. Nxd5 $5 Bf5
19. Nxe7+ (19. Nxf6+ Bxf6 20. Rxe8+ Qxe8 21. Qxd6 Bxc2 $19) 19... Rxe7 20. Qd2
Rxe1+ (20... Bxc2 21. Rxe7 Qxe7 22. Qxc2 (22. Ba3 Bxb3 23. Bxd6 Qd7 $11) 22...
Nxb5 23. Bd2 $16) 21. Nxe1 Bxc2 22. Qxc2 (22. Nxc2 Nxb5 23. Qxd8+ Rxd8 24. Bg5
Rd3 $14 {/=}) 22... Nxb5 23. Bb2 $14)) (13... exd5 $5 14. Qd3 g6 15. Nd4 $1 $44
) (13... Nxd5 14. Nxd5 exd5 15. Qd3 (15. Re5 d4 16. Qd3 g6 17. Bh6 Nc6 18. Rxe7
Nxe7 19. Bxf8 Kxf8 20. Qxd4 Qxd4 21. Nxd4 Bb7 $11 {1/2-1/2 Yevseev,D-Kharlov,A/
Ekaterinburg 1999/CBM 75_02/ (43)}) 15... g6 16. Rxe7 $5 (16. Bh6 Re8 (16...
Bf5 17. Bxf8 $1 Bxd3 18. Bxe7 $16) 17. Qc3 f6 18. Nd4 $44) 16... Qxe7 17. Bh6
Nc4 (17... Re8 18. Qc3) 18. Re1 Be6 19. Qd4 f6 20. Ng5 fxg5 21. Rxe6 Qb7 22.
Bxf8 Rxf8 23. Bxg6 Qg7 24. Qxd5 Kh8 25. Bd3 Qxb2 26. Qc5 $14) 14. Bg5 (14. Qd3
g6 (14... h6 $5 15. dxe6 Bxe6 16. Nd4 Bb3 $1 $11) (14... exd5 15. Bg5 $16) 15.
b4 Nc4 16. dxe6 Bxe6 17. Nd4 Bd5 $1 $11 {1/2-1/2 Illescas Cordoba,M-Anand,V/
Dos Hermanas 1999/CBM 71 (25)}) 14... Nxd5 $1 (14... h6 15. Bh4 Nxd5 (15...
exd5 16. Qd3 $5 $14) 16. Nxd5 exd5 17. Qd3 g6 18. Qe3 Be6 19. Qxh6 $14 {
1-0 Kramnik,V-Anand,V/Dos Hermanas 1999/CBM 71/ (70)}) 15. Bxe7 Nxe7 (15...
Rxe7 16. Nxd5 exd5 17. Rxe7 Qxe7 18. Qxd5 Bb7 19. Qd3 g6 20. Re1 Qc7 $11) 16.
Ng5 Qxd1 17. Bxh7+ Kf8 18. Raxd1 Nc4 $11) 13... Bb7 14. Bg5 g6 15. Ne5 Rc8 16.
Rad1 $14 {1/2-1/2 Sokolov,I-Hansen,C/Sigeman Malmoe SWE 1998 (28)}) 12. d5 $6
$11 ({Better is} 12. Qd3 Bb7 13. Bc2 g6 14. Bh6 Re8 15. Rad1 b4 16. Ne4 (16.
Ne2 bxa3 $1 (16... Qa5 17. a4 (17. Bd2 $14) 17... Rad8 18. Ng3 Bf8 19. Bxf8
Rxf8 20. Qe3 Kg7 21. h4 $14 {1-0 Timoshenko,G-Ashley,M/New York USA 1999 (41)})
17. bxa3 Na7 18. Nd2 (18. Nf4 Ng4) 18... Nb5 19. a4 Nc7 $132) 16... Nxe4 17.
Rxe4 (17. Qxe4 bxa3 $17) 17... Rc8 18. Ree1 Qd6 19. Bb3 bxa3 20. bxa3 Qxa3 21.
d5 Na5 22. Qd4 Bf8 23. dxe6 Qxb3 24. Bxf8 Rxf8 25. Ng5 h6 (25... Nc6 26. Qh4 h5
27. Rb1 Qc3 28. exf7+ Kh8 29. Ne4 $16) 26. exf7+ Rxf7 27. Nxf7 Qxf7 28. Qd2 Rf8
29. f3 Nc4 30. Qxh6 $14) 12... Nxd5 (12... exd5 13. Nxd5 Nxd5 14. Qxd5 Bb7 $1 (
14... Na5 $2 15. Qxa8 (15. Qxd8 Bxd8 16. Bd5 Bb7 17. Bxb7 Nxb7 18. Bf4 Bf6 19.
Be5 $11 {1/2-1/2 Morovic Fernandez,I-Baburin,A/Havana CUB 1999 (26)}) 15...
Nxb3 16. Ra2 (16. Bg5 $2 Bxg5 17. Rad1 Bd2 18. Nxd2 Nxd2 $17 {0-1 Ortega,
L-Baburin,A/Saint Vincent ITA 2000/The Week in Chess 276 (42)}) 16... Be6 17.
Qxd8 Rxd8 18. Bg5 Bxg5 19. Nxg5 Bc4 20. a4 $16) 15. Qh5 Qd3 $1 16. Ba2 (16. Re3
Qg6 17. Qxg6 hxg6 18. Bd2 Bf6 19. Bc3 Rae8 20. Rae1 Rxe3 21. Rxe3 Bxc3 22. Rxc3
Rd8 $11) 16... Qg6 (16... h6 $5 $14) 17. Qxg6 hxg6 18. Bg5 $5 {[%csl Rf7]} Bf6
$5 19. Bxf6 gxf6 20. Rad1 Rfd8 $11) 13. Nxd5 exd5 14. Bxd5 Bb7 15. Bf4 (15. Ne5
Nxe5 16. Bxb7 Ra7 17. Be4 Bf6 18. Qb3 Rd7 $11 {1/2-1/2 Avrukh,B-Har Zvi,R/Tel
Aviv ISR 1999 (24)}) 15... Bf6 16. Rc1 (16. Ne5 Nxe5 (16... Bxe5 17. Bxe5 Re8
18. Bc3 $14) 17. Bxb7 Ra7 18. Bxe5 {1/2-1/2 Alterman,B-Anand,V/Belgrade 1999/
CBM 69/ (18)} (18. Be4 Nc4 $1 $11)) (16. Re2 Qd7 $1 17. Rd2 Qf5 18. Be3 Rac8
$11) (16. Bd6 Re8 17. Bxf7+ Kxf7 18. Qd5+ Kg6 19. g4 Rxe1+ (19... Ne5 20. Nxe5+
Bxe5 21. Qd3+ Kf7 22. Qb3+ Kg6 23. Bxe5 $16) 20. Rxe1 h6 21. Qf5+ Kf7 22. Qe6+
Kg6 $11) 16... Rc8 (16... Na5 17. Bxb7 Nxb7 18. b4 Qxd1 19. Rexd1 Rfc8 20. Be5
Bxe5 21. Nxe5 f6 22. Nc6 $14 {1-0 Winants,L-Hjelm,N/Antwerp BEL 1999 (54)}) (
16... Qd7 17. Bxc6 Bxc6 18. Qxd7 Bxd7 19. Be5 $14 {/=}) 17. b4 (17. Rc2 Nd4 $1
18. Rxc8 Bxc8 19. Be5 $11) (17. Ne5 Nxe5 (17... Bxe5 18. Bxe5 Nxe5 19. Rxc8
Qxc8 20. Bxb7 Qxb7 21. Rxe5 $11) 18. Bxb7 Rxc1 19. Bxc1 Nd3 $11) (17. Bd6 Re8
$11) 17... Ba8 $1 $146 {[%cal Gc6d4] I prepared this variation against
Zilberman, but this strong novelty bring to Black good position.} (17... Qd7 $2
18. Bg5 (18. Ng5 $2 Bxg5 19. Bxg5 Rfe8 20. Rxe8+ Rxe8 21. Bf3 Qxd1+ 22. Rxd1
Ba8 23. Bf4 Ne7 24. Bxa8 Rxa8 25. Rd7 Ng6 26. g3 Nxf4 27. gxf4 g6 $11 {1/2-1/2
Schandorff,L-Baburin,A/Copenhagen DEN 1999 (44)}) (18. Be4 $14) 18... Bxg5 (
18... Bb2 19. Rb1 (19. Re7 Nxe7 20. Bxf7+ Rxf7 21. Qxd7 Bxc1 22. Bxe7 Bxa3 $17)
19... Bxa3 20. Be7 $1 $18) 19. Nxg5 Qf5 20. Rc5 Qg6 21. Be4 f5 {#} 22. Rxf5 $1
Rxf5 23. Bxf5 Qxf5 24. Qb3+ Kf8 25. Ne6+ Kg8 26. Nd8+ Kf8 27. Nxb7 $18 {
1-0 Huzman,A-Zilberman,Y/Ramat-Aviv 2000/ (31)}) 18. Rc5 {Played after a long
time of thinking. I didn't found something better} (18. Qb3 Nd4 19. Rxc8 Nxf3+
20. Qxf3 Qxc8 $11) (18. h3 Nd4 (18... Bb2 19. Bg5 Qb6 20. Rb1 Bc3 (20... Bxa3
21. Re3 Bxb4 22. Bxc6 $16) 21. Re3 $16) 19. Bxa8 Rxa8 20. Bc7 Nxf3+ 21. Qxf3
Qd4 $11) 18... Nd4 $1 19. Rxc8 (19. Bxa8 Rxa8 20. Be5 Nxf3+ 21. Qxf3 Bxe5 22.
Rcxe5 Rc8 23. h3 $11) 19... Nxf3+ 20. Qxf3 (20. Bxf3 Qxc8 21. Bxa8 Qxa8 $11)
20... Qxc8 21. Rc1 {This game played in the last round and it was necessary to
win for both of sides, but this position is drawn.} (21. Rc1 Bxd5 22. Qxd5 Qg4
(22... Qa8 23. Qxa8 Rxa8 24. Rc2 $11) 23. Qd2 (23. Bd6 Rd8 $15) 23... Rd8 24.
Re1 h6 25. Qc1 $11) 1/2-1/2

[Event "ISR-chT"]
[Site "Israel"]
[Date "2001.03.16"]
[Round "5"]
[White "Tsesarsky, Ilya"]
[Black "Karpman, Vadim"]
[Result "1-0"]
[WhiteElo "2450"]
[BlackElo "2367"]
[Annotator "Tsesarsky,I"]
[PlyCount "49"]
[EventDate "2001.02.??"]
[EventType "team"]
[EventRounds "11"]
[EventCountry "ISR"]
[SourceTitle "CBM 082"]
[Source "ChessBase"]
[SourceDate "2001.05.17"]
[SourceVersion "1"]
[SourceVersionDate "2001.05.17"]
[SourceQuality "1"]

1. Nf3 d5 2. d4 Nf6 3. c4 dxc4 4. e3 e6 5. Bxc4 c5 6. O-O a6 7. dxc5 Qxd1 8.
Rxd1 Bxc5 9. Nbd2 O-O {after this move it is difficult for White to get any
advantage.} ({This variation became popular thanking to Kramnik's efforts...} 
9... Nbd7 10. Be2 b6 {1/2-1/2 Kramnik,V-Kasparov,G/London 2000/CBM 79 no vc 
(74)}) 10. Nb3 ({Another plan is} 10. a3 b5 11. Be2 Bb7 12. b4 Be7 13. Bb2 {
but Black can equalize easily:} Nbd7 (13... Rc8 14. Bd3 Nbd7 15. e4 Rc7 16.
Rdc1 Rac8 $11 {1/2-1/2 Saitek-Mephisto/COMP Munich Micro Wch 1993 (63)}) 14.
Rac1 ({or} 14. Nb3 Rac8 15. Na5 Be4 $132) 14... Rfc8 15. Nb3 Rxc1 16. Rxc1 Rc8
17. Rxc8+ Bxc8 18. Nfd4 {1/2-1/2 Spassky,B-Fischer,R/St Stefan/Belgrade m 1992
(36)}) (10. Be2 $5 Rd8 (10... Nbd7 11. Nb3 $1 Be7 12. Bd2 (12. Nfd4 Nb6 13. Na5
(13. f3 e5) 13... Nbd5 14. f3 $14 {1/2-1/2 Skomorokhin,R-Hoang Th Trang/
Budapest FS02 IM-A ,EXT 1994 (23)}) 12... Ne4 13. Be1 $14) (10... Nc6 $6 {
[%csl Rc6]} 11. a3 $14) 11. Nb3 (11. a3 Nbd7 12. b4 Be7 13. Bb2 b5 14. Rac1 Bb7
15. Rc7 Rab8 $132) 11... Rxd1+ 12. Bxd1 Be7 13. Ne5 Nbd7 14. Nxd7 Bxd7 15. Bf3
Rb8 16. Bd2 b6 17. Bc3 a5 18. Rd1 Ba4 $132 {1/2-1/2 Arencibia,W-Ibragimov,I/
Linares ESP 2001/The Week in Chess 324 (30)}) 10... Be7 11. Be2 (11. Bd2 Nc6 (
11... Nbd7 12. Be2 b6 13. Rac1 Bb7 14. Nfd4 Rfc8 15. f3 Rxc1 16. Rxc1 Rc8 $11 {
1/2-1/2 Demina,J-Mamedova,R/Elista RUS 1998 (19)}) 12. Na5 Nxa5 13. Bxa5 b5 14.
Be2 Bb7 $11 {1/2-1/2 Certic,B-Djukic,Z/YUG Cup Svetozarevo ,EXT 1990 (31)})
11... Nc6 12. Bd2 b6 13. Nfd4 ({Or} 13. Be1 Bb7 14. Nfd2 Nb4 15. Nd4 Rac8 16.
Nc4 b5 17. a3 (17. Na5 Bd5 18. a3 Nc2 19. Nxc2 Rxc2 20. Rd2 Rfc8 21. Bd3 Rxd2
22. Bxd2 Be4 $15) 17... Nc6 18. Nxc6 Bxc6 19. Na5 Ba8 20. a4 Nd5 21. axb5 axb5
$11 {1/2-1/2 Dizdarevic Ervin-Hulak,K/Cup Croatia 1996 (21)}) 13... Nxd4 14.
Nxd4 Bb7 15. Rac1 Rfc8 $11 {Black equalized. Despite it, I continued to play
this game, tried to occupy center by f2-f3 and e3-e4.} 16. f3 {[%cal Ge3e4]}
Rxc1 ({Strong was} 16... Nd5 17. Bc4 (17. e4 $6 Bc5 $1) 17... Bg5 18. Kf2 b5
19. Bb3 $11) 17. Bxc1 Rc8 18. e4 Kf8 ({Or} 18... Bc5 19. Be3 Kf8 (19... e5 20.
Nf5 Bxe3+ 21. Nxe3 $14) 20. Kf2 Ke7 $132) 19. Be3 e5 $6 $14 {This mistake is
connected with inproper position evaluation and wrong variations calculation.}
({Why not} 19... Bc5 20. Kf2 Ke7 21. a3 Bd6 22. g3 Be5 23. b4 h6 $11) 20. Nf5
Rc2 21. Nxe7 Rxe2 $2 $16 ({It was necessary to play} 21... Kxe7 22. Rd2 $14 {
and White leaves with advantage - pair of BB.}) 22. Nf5 $1 Rxb2 ({Badly also} 
22... Rc2 23. Rd8+ Ne8 24. Bxb6 $16) 23. Rd8+ Ne8 24. Rb8 Bc6 25. Bc5+ {
Here Karpman resigned! It was really premature decision...} (25. Bc5+ bxc5 26.
Rxb2 Bb5 27. Rd2 c4 28. Kf2 $16 {of course, White has serious advantage, but
White had to work hard to realize it.}) (25. Bxb6 $4 Rc2 26. Ba5 f6 $11) 1-0

[Event "Hoogovens"]
[Site "Wijk aan Zee"]
[Date "1999.01.24"]
[Round "7"]
[White "Reinderman, Dimitri"]
[Black "Yermolinsky, Alex"]
[Result "1/2-1/2"]
[WhiteElo "2542"]
[BlackElo "2597"]
[Annotator "Tsesarsky,I"]
[PlyCount "70"]
[EventDate "1999.01.16"]
[EventType "tourn"]
[EventRounds "13"]
[EventCountry "NED"]
[EventCategory "17"]
[SourceTitle "CBM 069"]
[Source "ChessBase"]
[SourceDate "1999.04.01"]
[SourceVersion "1"]
[SourceVersionDate "1999.04.01"]
[SourceQuality "1"]

1. e4 {[%mdl 48]} (1. d4 d5 2. c4 e6 3. Nc3 Nf6 4. Bg5 Be7 5. e3 Nbd7 6. Nf3
O-O 7. Bd3 dxc4 8. Bxc4 a6 9. a4 c5 10. O-O cxd4 11. exd4 Qa5 (11... h6 12. Bh4
Nb6 13. Ba2 Nbd5 14. Ne5 $132 (14. Nxd5 Nxd5 15. Bxd5 (15. Bg3 Qa5 16. Rc1 Bd7
17. Bxd5 Qxd5 18. Rc7 Rac8 $17 {0-1 Ullrich,G-Fuchs,H/Endingen Damen 1987/GER
04 (52)}) 15... Bxh4 16. Be4 $11)) (11... b6 12. Re1 (12. Qe2 Bb7 13. Ne5 Nxe5
14. dxe5 Nd7 15. Bxe7 Qxe7 16. Rad1 Rfc8 17. Rd4 Nf8 18. Ne4 (18. Rfd1 $14)
18... Bxe4 19. Qxe4 Ng6 20. Rfd1 Qc5 21. b4 $1 Qxe5 22. Qxe5 Nxe5 23. Bxa6 Nc6
24. Rd6 (24. Bxc8 Nxd4 25. Rxd4 (25. Bb7 $4 Rxa4 $19 {0-1 Jukic,M-Hresc,V/
Geneva 1991 (38)}) 25... Rxc8 26. Kf1 $11) 24... Rxa6 25. Rxc6 Raa8 26. Rxc8+
Rxc8 27. a5 $16) 12... Bb7 13. Ne5 (13. Qe2 Qc7 14. Ba2 Rac8 15. Rad1 Rfe8 16.
Ne5 Nxe5 17. dxe5 Qc6 18. f3 Bc5+ 19. Kh1 Nd7 20. Bb1 Bb4 21. Rd4 (21. Bxh7+
Kxh7 22. Qd3+ Kg8 23. Qxd7 $14) (21. Be4 Qc7 22. Bxh7+ Kxh7 23. Qd3+ Kg8 24.
Qxd7 $14) 21... Bxc3 22. bxc3 Nf8 23. Rc1 Ng6 24. Bxg6 $1 $16 hxg6 25. Qe3 b5
26. Rh4 Qc5 27. Qf4 Qf8 28. Qg3 Rc4 29. Bf4 Qa3 30. Qh3 (30. axb5 axb5 (30...
Rxc3 $11) 31. Qh3 f5 32. Rd1 (32. exf6 $1 $18) 32... Bd5 33. Rh8+ (33. Qg3 Kf7
34. Bd2 $4 Qa4 {0-1 Agdestein,E-Aarland,S/NOR-chT 1990 (34)}) 33... Kf7 34.
Rxe8 Kxe8 35. Bd2 $132) 30... f5 31. exf6 Rxf4 32. f7+ $3 $18) 13... Nxe5 14.
dxe5 Nd7 15. Bf4 (15. Bxe7 Qxe7 $11 {0-1 Manini,E-Ceresoli,L/Lombardia 1990 
(28)}) 15... Rc8 16. Qe2 $14) (11... Nd5 12. Bxe7 Nxe7 13. Qe2 (13. Re1 Nf6 $11
) 13... Nf6 14. Rad1 Qa5 15. Rd2 Bd7 $11 {1/2-1/2 Malano,F-Barbiso,T/Open,
Torino ITA 1998 (53)}) 12. Re1 Nb6 13. Bb3 Rd8 14. Qd3 Nbd5 $4 15. Ne5 $4 (15.
Bxd5 Rxd5 (15... Nxd5 16. Nxd5 Bxg5 17. Nxg5 $18 {[%csl Rh7]}) 16. Nxd5 $18)
15... Nxc3 16. bxc3 Bd7 (16... h6 $5 $14) 17. Bc2 g6 18. Qh3 Rac8 19. Re3 Be8
20. Rae1 Nd5 (20... Kg7 $2 21. Bb3 Nd5 22. Qh6+ Kg8 23. Bxe7 Nxe7 24. Rh3 $18 {
1-0 Zilber-Korelov/Latvia 1964 (27)}) 21. Bxe7 Nxe7 $15) 1... c6 2. d4 d5 3.
exd5 cxd5 4. c4 Nf6 5. Nc3 e6 6. Nf3 Bb4 7. Bd3 dxc4 8. Bxc4 O-O 9. O-O a6 10.
a4 Nbd7 11. Bg5 Be7 {The Black received this position without tempo!} 12. Re1
$5 (12. Qe2 $1 Nb6 13. Bb3 h6 14. Bh4 $14) 12... h6 13. Bh4 Nb6 14. Bb3 Nbd5
15. Ne5 $6 (15. Qd2 $1 Nxc3 (15... b6 16. Nxd5 exd5 (16... Nxd5 17. Bxd5 $18 {
[%cal Gd5a8]}) 17. Qd3 $14) 16. bxc3 b6 17. Bc2 Bb7 18. Qd3 $16) 15... Nb4 $1
$11 16. Bxf6 (16. Rc1 b6 17. Qf3 (17. d5 $6 exd5 (17... g5 18. dxe6 Qxd1 $1 (
18... gxh4 19. exf7+ Kh7 20. Qf3 $16) 19. exf7+ Kh7 20. Rcxd1 gxh4 21. Rd4 Bc5
22. Rxh4 Bb7 23. Rf4 $15) 18. Bxf6 Bxf6 19. Nxd5 Bxe5 (19... Nxd5 20. Nxf7 $3
$18) 20. Rxe5 Nxd5 21. Bxd5 Ra7 22. Qb3 Rc7 23. Rce1 Qf6 $11) (17. Qd2 Bb7 18.
Qe3 (18. Bxf6 Bxf6 19. Ne4 Bxe5 $17) 18... Bd5 (18... Rc8 19. Ng6 $1 $16) 19.
Nxd5 (19. Bxf6 Bxb3 20. Bxe7 Qxe7 $15) 19... Nfxd5 20. Bxe7 Qxe7 21. Qg3 Rac8
$15) 17... Ra7 $132) (16. Qe2 $2 Qxd4 17. Bg3 Nc6 18. Rad1 Qb4 $17) 16... Bxf6
17. d5 {This move forces changings and equal position} (17. Ne4 Bxe5 18. dxe5
Nd3 $15) 17... Bxe5 (17... exd5 18. Nxd5 Nxd5 19. Bxd5 Bxe5 20. Rxe5 Qf6 21.
Qd4 Rd8 22. Qc3 Bd7 23. Bxb7 Rab8 24. Bf3 Rbc8 25. Rc5 (25. Qa5 Bxa4 $1 $11)
25... Rxc5 26. Qxc5 Qxb2 27. Rd1 Rc8 $1 $11 (27... Qf6 28. Qc7 Qe7 29. h3 $18 {
[%csl Rd7]})) 18. Rxe5 Qf6 (18... Qd6 19. Re3 exd5 (19... Rd8 20. dxe6 Bxe6 21.
Bxe6 fxe6 22. Qb3 $16) 20. Nxd5 Nxd5 21. Bxd5 Qb4 22. Qb3 Qxb3 23. Rxb3 Rd8 24.
Bxb7 Bxb7 25. Rxb7 Rdb8 26. Rxb8+ Rxb8 27. Rb1 $14) 19. Qe2 (19. Qd4 Nd3 20.
Re4 Qxd4 21. Rxd4 Nc5 22. Bc2 exd5 23. Rxd5 Nd7 (23... Ne6 24. Rad1 $14) 24.
Re1 Nf6 $14) 19... Nd3 20. Re3 Nf4 21. Qf3 exd5 22. Nxd5 Nxd5 (22... Qxb2 23.
Ne7+ (23. Rae1 Nxd5) 23... Kh8 24. Rae1 Qf6 25. Nxc8 Raxc8 26. Qxb7 Rcd8 $14 (
26... Rc3 27. Qb4 Rfc8 28. Rxc3 Qxc3 29. Qxc3 Rxc3 30. Bxf7 $16)) 23. Bxd5 Qxb2
24. Rae1 Be6 25. Bxb7 (25. Bxe6 fxe6 $44) 25... Ra7 26. Bd5 (26. Be4 Qb4 $11)
26... Bxd5 (26... Re7 27. Bxe6 Rxe6 28. Rxe6 fxe6 29. Qe3 e5 30. h3 $14) 27.
Qxd5 Qf6 28. Re8 (28. Qc5 {[%csl Rg8][%cal Gc5f8,Ge3e8]} Raa8 $11) 28... Rxe8
29. Rxe8+ Kh7 30. g3 Rc7 31. Rf8 g6 32. Qe4 Re7 33. Qd5 Kg7 34. Ra8 Re5 35. Qd2
Kh7 1/2-1/2